| 000 | 00538cam a22001695a 4500 | ||
|---|---|---|---|
| 001 | L156121 | ||
| 008 | 120430s1869 xxk f 000 0 eng d | ||
| 035 | _a(Sirsi) u156121 | ||
| 041 | 0 | _aeng | |
| 245 | 0 | 4 | _aThe Standard Price Book for 1869, for the use of engineers, architects, surveyors, contractors, and builders, etc. |
| 260 |
_aLondon _c1869 |
||
| 300 |
_a176, 76 p. _c8o |
||
| 583 |
_aCondition reviewed _c20120620 _lcondition level 1 |
||
| 651 | 4 |
_aGreat Britain _y1707- |
|
| 690 |
_aConstruction management _96230 |
||
| 942 | _n0 | ||
| 999 |
_c114046 _d114046 |
||